000 00498nam a2200193Ia 4500
005 20250423094939.0
008 250422s9999 xx 000 0 und d
020 _a9781111186784
050 _aRC 480.6 .G55/
100 _aGilliland Burl E.
245 0 _aCrisis intervention strategies
250 _a7th ed.
260 _aUSA
260 _bBrooks/Cole Cengage Learning
260 _c2013
300 _a730 p
650 _a Crisis intervention (Mental health services)
942 _cBK
999 _c28775
_d28775